000 00472nam a2200157Ia 4500
005 20260415160335.0
008 008 250505s9999 xx 000 0 eng d
037 _aBooks to be hide in OPAC
040 _aFEDL
_beng
_cFEDL
041 _aeng
_2eng
084 _a940.53 WAR/O
_qFEDL
245 0 _aWar in pictures: 1st year and2nd year
260 _aLondon, UK
_bOdhams Press Limited
942 _cHB
_h940.53 WAR/O
999 _c1321865
_d1321865